Nové trendy v personálnom riadení podniku bakalárska práca

Salvato in:
Dettagli Bibliografici
Autore principale: Šebáňová, Miriama
Ente Autore: Fakulta podnikového manažmentu EU. Katedra manažmentu
Altri autori: Joniaková, Zuzana, 1970-
Natura: Libro
Lingua:slovacco
Pubblicazione: Bratislava 2009
Tags: Aggiungi Tag
Nessun Tag, puoi essere il primo ad aggiungerne!!

MARC

LEADER 00000nam$a2200000$$$4500
001 0103344
005 20240320075228.3
041 0 |a slo 
044 |a SK 
245 1 0 |a Nové trendy v personálnom riadení podniku  |b bakalárska práca  |c Miriama Šebáňová ; škol. Zuzana Joniaková 
264 1 |a Bratislava  |c 2009 
300 |a 34 s. 
100 1 |a Šebáňová, Miriama 
700 1 |a Joniaková, Zuzana, 1970- 
710 2 |a Fakulta podnikového manažmentu EU. Katedra manažmentu